000 00876nam a2200265 i 4500
001 bg
003 KOSZ 005
005 20191003112819.0
008 071116s1968 pl a f 000 0 pol
015 _aPB 1969/425
040 _aWA N
_cKOSZ 005/RW
_dKOSZ 005/RW
080 _a669.1
100 1 _aMazanek, Tadeusz
_eAutor
245 1 0 _aMetalurgia żelaza /
_cTadeusz Mazanek, Kazimierz Mamro.
260 _aKatowice :
_bŚląsk,
_c1968.
300 _a436 s., [1] k. tabl. :
_bil. ;
_c25 cm.
380 _aKsiążki.
504 _aBibliogr. s. 435-436.
650 4 _aŻelazo
_xmetalurgia.
655 4 _aPodręcznik
700 1 _aMamro, Kazimierz
_d(1929- )
_eAutor
710 2 _aWydawnictwo "Śląsk"
_4pbl.
856 _uhttp://koha.tu.koszalin.pl/cgi-bin/koha/opac-detail.pl?biblionumber=11638
_yKatalog online BPK
942 _2UKD
_cKS
999 _c11638
_d11638